Samostanosť a financie Hovoríme s námestníkom ministra financií, cien a miezd SR Mariánom Tkáčom

Bibliographic Details
Main Authors: Tkáč, Marián, 1949- (Author), Ferko, Milan, 1929-2010 (Author)
Format: Article
Language:Slovak
PhysicalDescription:Fot. 1.
Subjects:

MARC

LEADER 00000nab a2200000 a 4500
001 vtls000380876
003 SK-MaSNL
005 20260303002744.0
008 140422c1990 xo 0 slo
015 |a SNBRB19rr/mm-uuuuu 
035 |a CL0380998 
040 |a SNKBUCL  |b slo  |c SNKBUCL  |e AACR2 
041 0 |a slo 
044 |a xo  |c SK 
080 |a 330.532(437.6)  |2 1981 
100 1 |a Tkáč, Marián,  |d 1949-  |4 aut  |9 101539 
245 1 0 |a Samostanosť a financie  |b Hovoríme s námestníkom ministra financií, cien a miezd SR Mariánom Tkáčom  |c Marián Tkáč, Milan Ferko 
300 |b Fot. 1. 
650 0 7 |a hospodárstvo národné  |z Slovensko  |2 snkbucl  |9 964250 
650 0 7 |a bilancie národohospodárske  |2 snkbucl  |9 951022 
655 7 |a články z novín a časopisov  |2 snkbucl  |9 267496 
700 1 |a Ferko, Milan,  |d 1929-2010  |4 aut  |9 134529 
773 0 |t Literárny týždenník  |g Roč. 3, č. 18 (1990), s. 12 
850 |a Slovenská národná knižnica v Martine  |a MTA001 
852 |a SNK  |b KIS3GCP 
958 |a RK 
999 |c 1569613  |d 1571543